Fritz Kreisler
Spremljeno u:
| Glavni autor: | |
|---|---|
| Format: | Knjiga |
| Jezik: | španjolski |
| Izdano: |
Londres
Rockliff
1951
|
| Teme: | |
| Oznake: |
Dodaj oznaku
Bez oznaka, Budi prvi tko označuje ovaj zapis!
|
MARC
| LEADER | 00000nam a2200000 a 4500 | ||
|---|---|---|---|
| 001 | UCN1681 | ||
| 003 | CL-VaPUC | ||
| 008 | 010427e19510000UK |||||||||||||||||spa|d | ||
| 082 | 0 | 4 | |a 780.92 |b LOC |2 21 |
| 100 | |a Lochner, Louis P. |e autor |9 456951 | ||
| 245 | 1 | 0 | |a Fritz Kreisler |
| 300 | |a 459 p | ||
| 942 | |c BK | ||
| 945 | |d 20010427 00:00:00 |a crobeson | ||
| 260 | |a Londres |b Rockliff |c 1951 | ||
| 650 | 7 | |a COMPOSITORES AUSTRIACOS |2 CL-VaPUC |9 456952 | |
| 650 | 7 | |a MUSICOS AUSTRIACOS |2 CL-VaPUC |9 456953 | |
| 650 | 0 | |a Violinistas |9 456692 | |
| 650 | 0 | |a Música, siglo 20 |9 324961 | |
| 583 | |a last modification |c 20010427 00:00:00 |k Rodrigo Vera | ||
| 999 | |c 294932 |d 294930 | ||
| 952 | |0 0 |1 0 |4 0 |6 780_920000000000000_LOC_1951 |7 0 |8 A |9 347685 |a BIBEDU |b BIBEDU |d 2019-11-20 |i 1180622 |o 780.92 LOC 1951 |p 1180622 |r 2023-01-12 |w 2019-11-20 |y BK |k MUS | ||